000 00640nam a2200229Ia 4500
005 20250508163624.0
008 008 250505s9999 xx 000 0 eng d
020 _a0-13-034356-0
037 _aTextBook
040 _aFEDL
_beng
_cFEDL
041 _aeng
_2eng
084 _a153.4, FLA
_qFEDL
100 _aFlavell John H
245 0 _aCognitive development
250 _a3
260 _aLondon, UK
_bPrentice - Hall International, Inc.
_c1993
300 _avii,408p
650 _aPsychology; Knowledge
700 _a Miller Patricia H Miller Scott A
_9775801
942 _cTB
_h153.4, FLA
999 _c1384389
_d1384389